00942nam a2200265 a 450000100100000000500170001000800410002702000150006804000250008304100380010808200190014610000220016524000370018724501710022426000390039530000280043449000180046253400570048065000180053765000280055565000250058370000220060870000260063083000200065600002472720260114124842.0110202s1995 sp a r 000 0 spa d a847640977X aDO-SdBNPbspacBNPHU17aspahalm2Código de idioma MARC a158.128bS531g1 aSharamon, Shalila10aDas chakra handbuch.lEspañol.10aEl gran libro de los chakras :bconocimiento y técnicas para despertar la energía interior /cShalila Sharamon y Bodo J. Baginski ; traducido por Eduardo Knörr. aMadrid, (España) :bEdaf,c1995. a238 p. :bil. ;c23 cm.1 aNueva Erav68 aTítulo del original alemán:tDas chakra handbuch 0aMeditaciones  4aEjercicios espirituales 4aRetiros espirituales1 aBaginski, Bodo J.1 aKnörr, Eduardoetr. 0aNueva Era ;v68